Southville International School and Colleges
Your cart is empty.
  • Cart
  • Lists
    Public lists Eva Luna New books Lux_list list_1
    Your lists Log in to create your own lists
  • Log in to your account
  • Your cookies
  • Search history
Southville International School and Colleges
  • Advanced search
  • Recent comments
  • Most popular
  • Libraries

Log in to your account

Log in with GOOGLE


If you do not have an external account, but do have a local account, you can still log in:

  1. Home
  2. MARC view: Becoming enterprising- technical guidelines /
Normal view MARC view ISBD view

Becoming enterprising- technical guidelines / (Record no. 6912)

[ view plain ]
MARC details
000 -LEADER
fixed length control field 00813nam a22002657a 4500
003 - CONTROL NUMBER IDENTIFIER
control field OSt
005 - DATE AND TIME OF LATEST TRANSACTION
control field 20140310181919.0
008 - FIXED-LENGTH DATA ELEMENTS--GENERAL INFORMATION
fixed length control field 130718t xxu||||| |||| 00| 0 eng d
050 ## - LIBRARY OF CONGRESS CALL NUMBER
Classification number HD 62.5
Item number .B398 1994
082 ## - DEWEY DECIMAL CLASSIFICATION NUMBER
Classification number TR 647
Item number Un2 1994
245 ## - TITLE STATEMENT
Title Becoming enterprising- technical guidelines /
Remainder of title UNESCO. Principal Regional Office for Asia and the Pacific.
260 ## - PUBLICATION, DISTRIBUTION, ETC. (IMPRINT)
Place of publication, distribution, etc Bangkok :
Name of publisher, distributor, etc UNESCO Principal Regional Office for Asia and the Pacific,
Date of publication, distribution, etc c1994.
300 ## - PHYSICAL DESCRIPTION
Extent 144 p. :
Other physical details ill.
Dimensions 22 cm.
521 ## - TARGET AUDIENCE NOTE
Target audience note
541 ## - IMMEDIATE SOURCE OF ACQUISITION NOTE
-- 1
541 ## - IMMEDIATE SOURCE OF ACQUISITION NOTE
-- 1
562 ## - COPY AND VERSION IDENTIFICATION NOTE
Number of copies 2
650 ## - SUBJECT ADDED ENTRY--TOPICAL TERM
Source of heading or term Management Education
650 ## - SUBJECT ADDED ENTRY--TOPICAL TERM
Source of heading or term Enterprises.
650 ## - SUBJECT ADDED ENTRY--TOPICAL TERM
Source of heading or term Curriculum subjects.
650 ## - SUBJECT ADDED ENTRY--TOPICAL TERM
Source of heading or term Quality of life
650 ## - SUBJECT ADDED ENTRY--TOPICAL TERM
Source of heading or term Future education.
650 ## - SUBJECT ADDED ENTRY--TOPICAL TERM
Source of heading or term Asia/Pacific.
942 ## - ADDED ENTRY ELEMENTS (KOHA)
Source of classification or shelving scheme Library of Congress Classification
Koha item type
Call number prefix
Holdings
Withdrawn status Lost status Source of classification or shelving scheme Damaged status Home library Current library Shelving location Date acquired Total Checkouts Full call number Barcode Date last seen Copy number Price effective from Koha item type
    Library of Congress Classification   Luxembourg Library Luxembourg Library Teachers Reference Section 07/18/2013   HD 62.5 .B398 1994 12401 08/13/2013 1 07/18/2013 Books
    Library of Congress Classification   Luxembourg Library Luxembourg Library Teachers Reference Section 07/18/2013   HD 62.5 .B398 1994 9643 08/13/2013 2 07/18/2013 Books

Becoming enterprising- technical guidelines /

APA

(1994). Becoming enterprising- technical guidelines. Bangkok: UNESCO Principal Regional Office for Asia and the Pacific.

Chicago

1994. Becoming enterprising- technical guidelines. Bangkok: UNESCO Principal Regional Office for Asia and the Pacific.

Harvard

(1994). Becoming enterprising- technical guidelines. Bangkok: UNESCO Principal Regional Office for Asia and the Pacific.

MLA

Becoming enterprising- technical guidelines. Bangkok: UNESCO Principal Regional Office for Asia and the Pacific. 1994.

  • Place hold
  • Print
  • Cite
  • Add to your cart (remove)
  • Save record
    BIBTEX Dublin Core MARCXML MARC (non-Unicode/MARC-8) MARC (Unicode/UTF-8) MARC (Unicode/UTF-8, Standard) MODS (XML) RIS
  • More searches
    Search for this title in:
    Other Libraries (WorldCat) Other Databases (Google Scholar) Online Stores (Bookfinder.com) Open Library (openlibrary.org)

Exporting to Dublin Core...

SOUTHVILLE LIBRARY

Southville International School and Colleges Library

1281 Tropical Ave. Cor. Luxembourg St., BF Homes International, Las Pinas City

Tel. No. 8256374 / 252358 Loc. 117/146

Powered by Koha